Jetpunk-proof Abbreviations of Countries - Statistics

General Stats
  • This quiz has been taken 55 times
  • The average score is 10 of 12
Answer Stats
Abbreviation Country % Correct
CAR Central African Republic
98%
DRC Democratic Republic of the Congo
96%
UK United Kingdom
96%
USA United States
96%
UAE United Arab Emirates
94%
PRC China (People's Republic of China)
86%
DPRK North Korea (Democratic People's Republic of Korea)
84%
ROK South Korea (Republic of Korea)
80%
FSM Federated States of Micronesia
78%
PNG Papua New Guinea
71%
ROC Taiwan (Republic of China)
65%
FYROM North Macedonia (Former Yugoslav Republic of Macedonia)
57%
No matching quizzes found
Score Distribution
Percent of People with Each Score
Percentile by Number Answered
Your Score History
You have not taken this quiz